NLSUI OPAC header image

Narcotic drugs and psychotropic substances in India (Record no. 32038)

MARC details
000 -LEADER
fixed length control field 00508nam a2200157Ia 4500
008 - FIXED-LENGTH DATA ELEMENTS--GENERAL INFORMATION
fixed length control field 160316s2009 xxu||||| |||| 00| 0 eng d
082 ## - DEWEY DECIMAL CLASSIFICATION NUMBER
Classification number 344.042330
Item number KAT
100 ## - MAIN ENTRY--PERSONAL NAME
Personal name Kataria R P
245 ## - TITLE STATEMENT
Title Narcotic drugs and psychotropic substances in India
250 ## - EDITION STATEMENT
Edition statement 2nd
260 ## - PUBLICATION, DISTRIBUTION, ETC.
Place of publication, distribution, etc. New Delhi
Name of publisher, distributor, etc. Orient Publishing Company
Date of publication, distribution, etc. 2009
300 ## - PHYSICAL DESCRIPTION
Extent 1642p
Other physical details
Dimensions li
365 ## - TRADE PRICE
Price amount Rs. 1,250
650 ## - SUBJECT ADDED ENTRY--TOPICAL TERM
Topical term or geographic name entry element 1.Narcotic Drugs - Psychotropic Substances Act -1985<br/>2 Illicit Traffic - Drugs - Prevention Act 1988
700 ## - ADDED ENTRY--PERSONAL NAME
Personal name
--
Holdings
Withdrawn status Lost status Damaged status Not for loan Home library Current library Shelving location Date acquired Cost, normal purchase price Total Checkouts Full call number Barcode Date last seen Price effective from Koha item type
        . . Library Compactors 30.05.2017 1250.00   344.04233 KAT 23718 30.05.2017 30.05.2017 BOOKs